Missing Word: Steve Buscemi Quiz Stats

 Plays Quiz Updated Aug 5, 2013

Support Sporcle.
Go Orange.
Score 0/20 Timer 03:00
0 Plays Today
Movie Word % Correct
Charlotte's _____Web
96.7%
The _____ LebowskiBig
95.7%
_____, Inc.Monsters
92.5%
_____ FictionPulp
92%
Reservoir _____Dogs
91.2%
_____ on the RangeHome
85.1%
Spy _____ 2: Island of Lost Dreams Kids
83.1%
I Now Pronounce You _____ & Larry Chuck
77.4%
_____ AirCon
73.4%
The Wedding _____Singer
71.9%
Movie Word % Correct
28 _____Days
71.7%
_____ MadisonBilly
70.6%
Grown _____Ups
65.4%
Barton _____Fink
48.4%
The Hudsucker _____Proxy
42.6%
Big _____Fish
40.3%
Miller's _____Crossing
38.6%
Rising _____Sun
34.5%
Monster _____House
11.3%
_____ LoungeTrees
7%

Today's Daily Dose

Missing Word
50 Cent Songs

Word Ladder
Close Gunshot

Quick Pick
Pop Punk Bands

Get the Picture
An 'S' in Disney

From the Vault

State by Largest Two-Word City

by Anne13

Two-word cities would like to stick together, but often there's just not space on the map.
Remove Ads.
Support Sporcle.
Get the best of Sporcle when you Go Orange. This ad-free experience offers more features, more stats, and more fun while also helping to support Sporcle. Thank you for becoming a member.

Show Comments

Extras

Top Quizzes Today


Score Distribution

Your Account Isn't Verified!

In order to create a playlist on Sporcle, you need to verify the email address you used during registration. Go to your Sporcle Settings to finish the process.

Report this User

Report this user for behavior that violates our Community Guidelines.

Details: